| Поле | Инд. | ПП | Название | Значение |
|---|---|---|---|---|
| Тип записи | a | |||
| Библиографический уровень | a | |||
| 001 | Контрольный номер | e1709b014cb14486a8f1ee71c69010e3 | ||
| 005 | Дата корректировки | 20210224152057.2 | ||
| 040 | a | Служба первич. каталог. | НБ ТвГУ | |
| b | Код языка каталог. | rus | ||
| e | Правила каталог. | PSBO | ||
| 041 | 0_ | a | Код языка текста | rus |
| 097 | b | Оператор | Komarova.ES | |
| 098 | b | Факультет | Институт педагогического образования и социальных технологий | |
| c | Кафедра | Музыкального образования | ||
| 100 | 1_ | a | Автор | Амагаева Надежда Викторовна |
| q | Полное имя | Амагаева Н. В. | ||
| 245 | 10 | a | Заглавие | Детский фольклор как средство в развитии чувства ритма младших школьников в условиях дополнительного образования |
| 260 | a | Место издания | Тверь | |
| 504 | a | Библиография | Библиогр.: с. 58-59 (9 назв.) | |
| 520 | 0_ | a | Аннотация | В статье проводится анализ понятия «чувства ритма» младших школьников. Рассматриваются важность использования детского музыкального фольклора в развитии чувство ритма в условиях дополнительного образования. |
| 653 | 0_ | a | Ключевые слова | Дополнительное образование |
| a | Ключевые слова | Дошкольники | ||
| a | Ключевые слова | Труды Тверского государственного университета | ||
| a | Ключевые слова | Ритм | ||
| a | Ключевые слова | Чувство | ||
| a | Ключевые слова | Музыкальный фольклор | ||
| 700 | 12 | a | Другие авторы | Арутюнян Изабелла Арташесовна |
| q | Полное имя | Арутюнян И. А. | ||
| 773 | 18 | w | Контрольный № источника | 7e15894b3bf841839de261c5f071005b |
| t | Название источника | Молодежь и государство: научно-методологические, социально-педагогические и психологические аспекты развития современного образования | ||
| d | Место и дата издания | Тверь, 2020 | ||
| g | Прочая информация | С. 55-59 | ||
| 856 | 40 | u | URL | http://texts.lib.tversu.ru/texts/150143t.pdf |
| x | Примечание для ЭОР | Справка УИС 2020 | ||
| x | Примечание для ЭОР | Реестр суммарного учета сетевых локальных документов | ||
| i | Дата подключения ЭОР | 20210224 | ||
| 901 | t | Тип документа | a | |
| 920 | a | Оператор | Кома | |
| 954 | b | Дата поступления в ОК | 20210217 |